[Event "SVK-chT3B2 2122"]
[Site "Slovakia"]
[Date "2022.02.27"]
[Round "5.3"]
[White "Tomko, Michal"]
[Black "Hanko, Miroslav"]
[Result "0-1"]
[WhiteElo "1757"]
[BlackElo "1773"]
[PlyCount "108"]
[EventDate "2021.10.24"]
[EventType "team-tourn"]
[EventRounds "11"]
[EventCountry "SVK"]
[SourceTitle "EXT 2023"]
[Source "ChessBase"]
[SourceDate "2022.10.05"]
[SourceVersion "1"]
[SourceVersionDate "2022.10.05"]
[SourceQuality "1"]
[WhiteTeam "Dubnica nad Vahom IV"]
[BlackTeam "Bojnice"]
[WhiteTeamCountry "SVK"]
[BlackTeamCountry "SVK"]

1. e4 d6 2. d4 Nf6 3. Nc3 g6 4. Bg5 Bg7 5. e5 Nfd7 6. exd6 cxd6 7. Qd2 Qb6 8. 0-0-0 Nf6 9. Bxf6 exf6 10. Re1+ Kf8 11. Nf3 Nc6 12. Nd5 Qd8 13. Bc4 h5 14. Kb1 Be6 15. Re2 Rc8 16. a3 Bh6 17. Qd3 Kg7 18. Rhe1 Bf5 19. Qd1 Rf8 20. Ba2 Qd7 21. Ne3 Be4 22. Ka1 Bxf3 23. gxf3 Rfe8 24. b4 Bf4 25. Nf1 Rxe2 26. Rxe2 Nxd4 27. Qxd4 Be5 28. Rxe5 fxe5 29. Qd3 Qf5 30. Qxf5 gxf5 31. Kb2 Kf6 32. Bd5 b6 33. h4 f4 34. Nd2 Rg8 35. Ne4+ Ke7 36. Kc3 Rg1 37. a4 Rh1 38. Kc4 Rxh4 39. Kb5 f5 40. Ng5 Rh1 41. Kc6 h4 42. Kb7 Kf6 43. Kxa7 Kxg5 44. Kxb6 Ra1 45. a5 h3 46. a6 h2 47. a7 Rxa7 48. Kxa7 h1Q 49. c4 Qa1+ 50. Kb7 Qd4 51. b5 e4 52. fxe4 fxe4 53. Ka6 e3 54. fxe3 fxe3 0-1

[Event "SVK-chT3B2 1920"]
[Site "Slovakia"]
[Date "2019.11.03"]
[Round "3.5"]
[White "Tomko, Michal"]
[Black "Sunal, Jan"]
[Result "1-0"]
[WhiteElo "1747"]
[BlackElo "1721"]
[PlyCount "83"]
[EventDate "2019.10.06"]
[EventType "team-tourn"]
[EventRounds "11"]
[EventCountry "SVK"]
[SourceTitle "CBM 193 Extra"]
[Source "ChessBase"]
[SourceDate "2020.01.31"]
[SourceVersion "1"]
[SourceVersionDate "2020.01.31"]
[SourceQuality "1"]
[WhiteTeam "Dubnica nad Vahom IV"]
[BlackTeam "Bojnice"]
[WhiteTeamCountry "SVK"]
[BlackTeamCountry "SVK"]

1. e4 e5 2. Nf3 d6 3. d4 exd4 4. Nxd4 Nf6 5. Nc3 a6 6. a4 Be7 7. Bd3 h6 8. h3 0-0 9. 0-0 Bd7 10. Be3 Nc6 11. Nd5 Nxd5 12. exd5 Ne5 13. Be2 Bf6 14. Qd2 Re8 15. f4 Ng6 16. Bd3 Qe7 17. Rfe1 Qd8 18. Kh2 Kh8 19. c3 Ne7 20. c4 Ng6 21. Rf1 Qe7 22. Bg1 Qf8 23. Qc2 Ne7 24. Rf3 c6 25. Qb3 Rab8 26. g4 Bxd4 27. Bxd4 cxd5 28. cxd5 Nxd5 29. Ba7 Rbc8 30. Qxd5 Bc6 31. Qf5 g6 32. Qf6+ Kh7 33. Rf2 Re6 34. Qh4 Rce8 35. g5 Qe7 36. Qxh6+ Kg8 37. Bd4 Re5 38. fxe5 dxe5 39. Bc3 Qd6 40. Qh4 Qxd3 41. Raf1 Bd5 42. Qg3 1-0

[Event "SVK-chT3B2 1920"]
[Site "Slovakia"]
[Date "2019.10.06"]
[Round "1.5"]
[White "Tomko, Michal"]
[Black "Flak, Lubomir"]
[Result "1/2-1/2"]
[WhiteElo "1747"]
[BlackElo "1625"]
[PlyCount "130"]
[EventDate "2019.10.06"]
[EventType "team-tourn"]
[EventRounds "11"]
[EventCountry "SVK"]
[SourceTitle "CBM 193 Extra"]
[Source "ChessBase"]
[SourceDate "2020.01.31"]
[SourceVersion "1"]
[SourceVersionDate "2020.01.31"]
[SourceQuality "1"]
[WhiteTeam "Dubnica nad Vahom IV"]
[BlackTeam "Handlova"]
[WhiteTeamCountry "SVK"]
[BlackTeamCountry "SVK"]

1. e4 c5 2. Nf3 d6 3. d4 cxd4 4. Nxd4 Nf6 5. Nc3 a6 6. g3 e6 7. Bg2 Be7 8. 0-0 0-0 9. h3 Qc7 10. Be3 Nc6 11. Nde2 b5 12. Kh2 Bb7 13. a3 Rad8 14. Nd4 Nxd4 15. Qxd4 e5 16. Qb6 Qc6 17. Rad1 Qxb6 18. Bxb6 Rc8 19. Rd2 Rc6 20. Be3 h6 21. Nd5 Nxd5 22. exd5 Rcc8 23. c3 f5 24. f4 Bf6 25. fxe5 Bxe5 26. Rdf2 Rce8 27. Bf4 Bxf4 28. gxf4 Re7 29. h4 Rfe8 30. Rd1 Re2 31. Rd2 Rxf2 32. Rxf2 Re3 33. Rd2 Kf7 34. Kg1 Re1+ 35. Kf2 Re7 36. Rd4 a5 37. a4 Ba6 38. Bf1 Rb7 39. Ke3 Rb6 40. Bxb5 Bxb5 41. axb5 Rxb5 42. Rd2 Kf6 43. h5 g6 44. hxg6 Kxg6 45. Rg2+ Kf7 46. Kd4 Rb8 47. Kc4 h5 48. b4 Rc8+ 49. Kb3 axb4 50. cxb4 h4 51. Rh2 Rh8 52. Rh3 Ke7 53. b5 Kd7 54. b6 Kc8 55. Kb4 Kb7 56. Kb5 Rh7 57. Ka5 Rh8 58. Kb5 Rc8 59. Rxh4 Rc5+ 60. Kb4 Rxd5 61. Kc4 Ra5 62. Rh6 Kc6 63. b7 Kxb7 64. Rxd6 Ra4+ 65. Kd3 Rxf4 1/2-1/2

[Event "SVK-chT3B2 1516"]
[Site "Slovakia"]
[Date "2016.03.06"]
[Round "9.6"]
[White "Marko, Zdenko"]
[Black "Tomko, Michal"]
[Result "0-1"]
[WhiteElo "1499"]
[BlackElo "1629"]
[PlyCount "72"]
[EventDate "2015.10.11"]
[EventType "team-tourn"]
[EventRounds "11"]
[EventCountry "SVK"]
[SourceTitle "EXT 2017"]
[Source "ChessBase"]
[SourceDate "2016.10.25"]
[SourceVersion "1"]
[SourceVersionDate "2016.10.25"]
[SourceQuality "1"]
[WhiteTeam "Chynorany"]
[BlackTeam "Dubnica nad Vahom III"]
[WhiteTeamCountry "SVK"]
[BlackTeamCountry "SVK"]

1. e4 e6 2. Nf3 d5 3. e5 a6 4. d4 c5 5. c3 cxd4 6. cxd4 h6 7. Bd3 Bb4+ 8. Nc3 Bd7 9. 0-0 Bxc3 10. bxc3 Ne7 11. Nh4 Qa5 12. Bd2 Qc7 13. Qg4 g5 14. Nf3 Nbc6 15. Qh5 0-0-0 16. Ne1 Rdf8 17. f4 Be8 18. fxg5 f5 19. Qd1 hxg5 20. Bxg5 Ng8 21. Nf3 Bh5 22. Be2 Qh7 23. Bf4 Bxf3 24. Rxf3 Qc7 25. c4 Nge7 26. c5 Rfg8 27. g3 Ng6 28. Be3 Qh7 29. Rf2 f4 30. gxf4 Nxf4+ 31. Kh1 Qe4+ 32. Rf3 Rg2 33. Bxf4 Rxe2 34. Qf1 Nxd4 35. Rc1 Nxf3 36. Qg1 Nd2+ 0-1

[Event "SVK-chT3B2 1516"]
[Site "Slovakia"]
[Date "2016.01.10"]
[Round "5.7"]
[White "Tomko, Michal"]
[Black "Matejka, Peter"]
[Result "1-0"]
[WhiteElo "1629"]
[BlackElo "1414"]
[PlyCount "83"]
[EventDate "2015.10.11"]
[EventType "team-tourn"]
[EventRounds "11"]
[EventCountry "SVK"]
[SourceTitle "CBM 170 Extra"]
[Source "ChessBase"]
[SourceDate "2016.02.25"]
[SourceVersion "1"]
[SourceVersionDate "2016.02.25"]
[SourceQuality "1"]
[WhiteTeam "Dubnica nad Vahom III"]
[BlackTeam "Nemsova Horne Srnie"]
[WhiteTeamCountry "SVK"]
[BlackTeamCountry "SVK"]

1. e4 e5 2. Nf3 d6 3. d4 exd4 4. Nxd4 Be7 5. Bd3 Nf6 6. 0-0 Nbd7 7. Re1 0-0 8. Nf5 Ne5 9. Nxe7+ Qxe7 10. Bg5 h6 11. Bh4 Ng6 12. Bg3 Bd7 13. Nc3 Qd8 14. Nd5 Bc6 15. c4 Bxd5 16. exd5 Re8 17. Qc2 Nf8 18. f3 Nh5 19. Rxe8 Qxe8 20. Re1 Qd8 21. Qe2 Nxg3 22. hxg3 Qg5 23. Kf2 Nd7 24. f4 Qf6 25. Kg1 g6 26. Kh2 Nc5 27. b4 Nxd3 28. Qxd3 Rc8 29. c5 dxc5 30. bxc5 Rd8 31. Re5 g5 32. Qd4 gxf4 33. Re8+ Kg7 34. Qxf6+ Kxf6 35. Rxd8 fxg3+ 36. Kxg3 Ke7 37. Rh8 b6 38. cxb6 axb6 39. Rxh6 f6 40. Kf4 Kd6 41. Ke4 Ke7 42. g4 1-0

[Event "Vsetin op 40th"]
[Site "Vsetin"]
[Date "2015.07.11"]
[Round "9"]
[White "Tomko, Michal"]
[Black "Kovarik, Matyas"]
[Result "0-1"]
[WhiteElo "1413"]
[BlackElo "1758"]
[PlyCount "78"]
[EventDate "2015.07.04"]
[EventType "swiss"]
[EventRounds "9"]
[EventCountry "CZE"]
[SourceTitle "CBM 167 Extra"]
[Source "ChessBase"]
[SourceDate "2015.09.14"]
[SourceVersion "1"]
[SourceVersionDate "2015.09.14"]
[SourceQuality "1"]

1. e4 e6 2. d4 d5 3. Nc3 Bb4 4. e5 c5 5. a3 Ba5 6. Be3 Nc6 7. Bb5 Qb6 8. dxc5 Bxc3+ 9. bxc3 Qxb5 10. Nf3 Nge7 11. Qd3 Qxd3 12. cxd3 Ng6 13. d4 Na5 14. Nd2 Bd7 15. 0-0 Nc4 16. Nxc4 dxc4 17. Rfb1 Bc6 18. Rb4 Ne7 19. Bd2 Nd5 20. Rbb1 Kd7 21. f4 Rab8 22. Rf1 g6 23. g4 b6 24. cxb6 Rxb6 25. f5 gxf5 26. gxf5 Rg8+ 27. Kf2 Rb2 28. Ke1 Rg2 29. fxe6+ fxe6 30. Rf7+ Ke8 31. Rxh7 Rg1+ 32. Kf2 Rxa1 33. Rh8+ Kf7 34. Rh7+ Kg8 35. Rxa7 Rxd2+ 36. Kg3 Rg1+ 37. Kf3 Nxc3+ 38. d5 Bxd5+ 39. Ke3 Rd3+ 0-1

[Event "Vsetin op 40th"]
[Site "Vsetin"]
[Date "2015.07.10"]
[Round "8"]
[White "Trcalek, David"]
[Black "Tomko, Michal"]
[Result "1/2-1/2"]
[WhiteElo "1679"]
[BlackElo "1413"]
[PlyCount "62"]
[EventDate "2015.07.04"]
[EventType "swiss"]
[EventRounds "9"]
[EventCountry "CZE"]
[SourceTitle "CBM 167 Extra"]
[Source "ChessBase"]
[SourceDate "2015.09.14"]
[SourceVersion "1"]
[SourceVersionDate "2015.09.14"]
[SourceQuality "1"]

1. d4 d5 2. c4 dxc4 3. e3 e6 4. Bxc4 Nf6 5. Nf3 Be7 6. 0-0 0-0 7. Nc3 a6 8. a3 b5 9. Bb3 Bb7 10. Re1 Nbd7 11. e4 c6 12. Bg5 h6 13. Bf4 Nh5 14. Qd2 Nxf4 15. Qxf4 Qb6 16. Rad1 Rad8 17. d5 Bc5 18. Re2 cxd5 19. exd5 Bd6 20. Qd2 Nc5 21. Ba2 Qc7 22. Qe1 Kh8 23. b4 Nd7 24. Ne4 exd5 25. Bxd5 Bxd5 26. Rxd5 Nb6 27. Rdd2 Nc4 28. Rc2 Qb8 29. a4 Nb6 30. axb5 axb5 31. Nc5 Nc4 1/2-1/2

[Event "Vsetin op 40th"]
[Site "Vsetin"]
[Date "2015.07.05"]
[Round "2"]
[White "Tomko, Michal"]
[Black "Lorencova, Vera"]
[Result "1/2-1/2"]
[WhiteElo "1413"]
[BlackElo "1917"]
[PlyCount "83"]
[EventDate "2015.07.04"]
[EventType "swiss"]
[EventRounds "9"]
[EventCountry "CZE"]
[SourceTitle "CBM 167 Extra"]
[Source "ChessBase"]
[SourceDate "2015.09.14"]
[SourceVersion "1"]
[SourceVersionDate "2015.09.14"]
[SourceQuality "1"]

1. e4 d5 2. exd5 Nf6 3. d4 Nxd5 4. c3 g6 5. Nf3 Bg7 6. Be2 0-0 7. 0-0 Nd7 8. Na3 a6 9. Nc4 b5 10. Ne3 Nf4 11. Nc2 Nxe2+ 12. Qxe2 Bb7 13. Bf4 e6 14. Rfd1 Nb6 15. Nfe1 Nd5 16. Qd2 Nxf4 17. Qxf4 a5 18. Nd3 Qd5 19. Ne3 Qd6 20. Qxd6 cxd6 21. a3 Rfc8 22. f3 h5 23. Kf2 g5 24. g3 Kh7 25. h3 f5 26. Ng2 e5 27. dxe5 dxe5 28. h4 e4 29. Nde1 g4 30. f4 Rd8 31. Ne3 Kg6 32. Rxd8 Rxd8 33. Rd1 Bf6 34. Rxd8 Bxd8 35. b4 axb4 36. axb4 Bb6 37. Ke2 Kf6 38. Kd2 Ke6 39. N1g2 Bc6 40. Ne1 Bd7 41. N1g2 Bc6 42. Ne1 1/2-1/2